In the name of God (Record no. 532840)
[ view plain ]
| 000 -LEADER | |
|---|---|
| fixed length control field | 00205nam a22000977a 4500 |
| 040 ## - CATALOGING SOURCE | |
| Transcribing agency | DLC |
| 082 ## - DEWEY DECIMAL CLASSIFICATION NUMBER | |
| Classification number | 201.7273 |
| Author Mark | JOR |
| 100 ## - MAIN ENTRY--PERSONAL NAME | |
| Personal name | Jordon, Michael |
| 9 (RLIN) | 26454 |
| 245 ## - TITLE STATEMENT | |
| Title | In the name of God |
| 942 ## - ADDED ENTRY ELEMENTS (KOHA) | |
| Source of classification or shelving scheme | |
| Koha item type | Book |
| Withdrawn status | Lost status | Source of classification or shelving scheme | Damaged status | Not for loan | Permanent Location | Current Location | Date acquired | Total Checkouts | Full call number | Barcode | Date last seen | Date last checked out | Price effective from | Koha item type |
|---|---|---|---|---|---|---|---|---|---|---|---|---|---|---|
| School of Civil and Environmental Engineering (SCEE) | School of Civil and Environmental Engineering (SCEE) | 12/03/2019 | 1 | 201.7273 JOR | NIT-9248 | 11/05/2020 | 12/03/2019 | 12/03/2019 | Book |
